Textbook of Pathology & Genetics for Nursing (Record no. 1377)

MARC details
000 -LEADER
Fixed length control field 00622nam a2200229Ia 4500
003 - CONTROL NUMBER IDENTIFIER
Control field IIN
005 - DATE AND TIME OF LATEST TRANSACTION
Control field 20251124125015.0
008 - FIXED-LENGTH DATA ELEMENTS--GENERAL INFORMATION
Fixed length control field 231217s9999 xx 000 0 und d
020 ## - INTERNATIONAL STANDARD BOOK NUMBER / ISBN
Price Rs.695.00
International Standard Book Number 9789381579589
040 ## - CATALOGING SOURCE
Original cataloging agency IIN
Language of cataloging Emglish
082 ## - DEWEY DECIMAL CLASSIFICATION NUMBER
Classification number 616.07
Book Number RAO
100 1# - MAIN ENTRY--PERSONAL NAME
Personal name Rao, Purnima S.
245 1# - TITLE STATEMENT
Title Textbook of Pathology & Genetics for Nursing
Statement of responsibility by Purnima S. Rao & Sumesh T. Rao
250 ## - EDITION STATEMENT
Edition statement 2nd ed
260 ## - IMPRINT
Name of publisher EMMESS
Place of publication Bangalore
Date of publication 2022
300 ## - PHYSICAL DESCRIPTION
Page / Vol. No viii,307p.
Other physical details ill.; Paperback
500 ## - GENERAL NOTE
General note Includes Index
650 1# - SUBJECT ADDED ENTRY--TOPICAL TERM
Topical term Pathology
650 1# - SUBJECT ADDED ENTRY--TOPICAL TERM
Topical term Genetics
700 1# - ADDED ENTRY--PERSONAL NAME
Personal name Rao, Sumesh T.
942 ## - ADDED ENTRY ELEMENTS (KOHA)
Koha item type Books
Holdings
Withdrawn status Lost status Damaged status Not for loan Collection code Home library Current library Date acquired Price Total Checkouts Call number Accession number Date last seen Price effective from Koha item type Source of classification Shelving location
          IDEAL INSTITUTE OF NURSING IDEAL INSTITUTE OF NURSING 17/12/2023 695.00   616.07 RAO 1371 17/12/2023 17/12/2023 Books    
          IDEAL INSTITUTE OF NURSING IDEAL INSTITUTE OF NURSING 17/12/2023 695.00   616.07 RAO 1372 17/12/2023 17/12/2023 Books    
          IDEAL INSTITUTE OF NURSING IDEAL INSTITUTE OF NURSING 17/12/2023 695.00   616.07 RAO 1373 17/12/2023 17/12/2023 Books    
        Purches Book IDEAL INSTITUTE OF NURSING IDEAL INSTITUTE OF NURSING 11/04/2025 750.00   616.07 RAO 1785 24/11/2025 24/11/2025 Books Dewey Decimal Classification General Stacks
© Ideal Institute Of Nursing, All rights reserved.         Powered by Koha